|
|
|
|
| LEADER |
00000nab a2200000 a 4500 |
| 001 |
vtls000158751 |
| 003 |
SK-MaSNL |
| 005 |
20260426101252.0 |
| 008 |
111104c1983 xo 0 slo |
| 015 |
|
|
|a SNBRB19rr/mm-uuuuu
|
| 035 |
|
|
|a CL0168860
|
| 040 |
|
|
|a SNKBUCL
|b slo
|c SNKBUCL
|e AACR2
|
| 041 |
0 |
|
|a slo
|
| 044 |
|
|
|a xo
|c SK
|
| 080 |
|
|
|a 943.7.437.6-25
|2 1981
|
| 100 |
1 |
|
|a Lehotská, Darina,
|d 1922-1990
|4 aut
|9 190096
|
| 245 |
1 |
0 |
|a Štyri obvody Bratislavy
|b Ich historický vývin a súčasný význam
|c D. Lehotská
|
| 300 |
|
|
|b Obr. 4.
|
| 651 |
|
7 |
|a 5100
|2 snkbucl
|9 166206
|
| 651 |
|
7 |
|a Bratislava (Slovensko)
|2 snkbucl
|9 14568
|
| 655 |
|
7 |
|a články z novín a časopisov
|2 snkbucl
|9 267496
|
| 773 |
0 |
|
|t Bratislava
|g Roč. 10, č. 1 (1983), s. 56-59
|
| 850 |
|
|
|a Slovenská národná knižnica v Martine
|a MTA001
|
| 852 |
|
|
|a SNK
|b KIS3GCP
|
| 958 |
|
|
|a RK
|
| 992 |
|
|
|a RBX
|
| 999 |
|
|
|c 3224379
|d 3226309
|